000 00697nam a2200205Ia 4500
005 20241216011237.0
008 190429s9999||||xx |||||||||||||| ||und||
082 _a658.4012
_bF38
100 _aFERNANDEZ FASHE JOSUE ENOC, MENDOZA ARENAS FREDY AGUSTIN
245 0 _aFORMULACION DEL PLAN ESTRATEGICO PARA LA INVESTIGACION PECUARIA EN LA REGION PASCO
250 _a0
260 _aCERRO DE PASCO-PERU
_bUNDAC
_c2011
300 _a134 pag.
_c30 cm.
341 _h0
490 _v0
_a0
505 _aREVISION BIBLIOGRAFICA/MARETISLES/METODOS/RESULTDOS/DISCUSIONES/CONCLUSIONES/RECOMENDACIONES
541 _aD
_bFERNANDEZ FASHE JOSUE E.
_d22-May-14
_oSoles
650 _aZootecnia
942 _cTESIS
999 _c36540
_d36540